1033 1293 1842 1836 1775 1910 1996 1557 1200 1975 1362 1611 1219 1377 1380 1300 1572 1718 1969 1407 1885 1086 1149 1220 1328 1699 1418 1776 1667 1339 1879 1460 1234 1864 1731 1946 1587 1495 1675 1085 1911 1693 1093 1965 1623 1809 1945 1952 1446 1381 1085 1793 1358 1408 1002 1035 1277 1241 1197 1132 1511 1321 1209 1634 1088 1833 1342 1846 1914 1734 1748 1830 1497 1396 1277 1515 1470 1244 1108 1334 1894 1370 1794 1936 1471 1624 1438 1243 1525 1630 1168 1591 1981 1317 1713 1285 1819 1842 1873 BCNSPRNW ULIB Ver.6.0+V

เปลี่ยนเป็นภาษาไทย

Change to English
 แสดงรายละเอียดบรรณานุกรม
  กลับหน้าหลัก

Brief Record : Get Marc (ISO 2709) : E-mail record : QR code < ปิดหน้าต่าง
LEADER : 00000nam 2200000uu 4500
001    13399119968
003     ULIB
008    120817s2554||||th 000 0 tha d
020    ^a9786167388281
060 04 ^aW50^bว895
245 00 ^aเวชจริยธรรม /^c[คณะบรรณาธิการ] ธำรงรัตน์ แก้วกาญจน์,
250    ^aพิมพ์ครั้งที่ 1
260    ^aกรุงเทพฯ :^bโครงการตำราวิทยาลัยแพทยศาสตร์พระมงกุฎเกล้า,^c2554
300    ^a170 หน้า :^bภาพประกอบ ;^c29 ซม.
650  4 ^aจรรยาบรรณแพทย์
700 0  ^aธำรงรัตน์ แก้วกาญจน์,^eบรรณาธิการ
700 0  ^aสุจินต์ อุบลวัตร,^eบรรณาธิการ
700 0  ^aวิชัย ประยูรวิวัฒน์,^eบรรณาธิการ
945    ^p150^l0^i19227
945    ^p150^l0^i19228
995    ^aเกษร
999 ^a ใช้งานได้ทุกระบบ
รายการนี้ยังไม่มีแท็ก
คุณยังไม่ได้ล็อกอิน คุณสามารถมีกิจกรรมร่วมกับเว็บไซต์ได้ แต่ต้องล็อกอินก่อน ::
  ล็อกอิน

รายการสื่อสารสนเทศ

ลำดับที่ ประเภท เลขเรียก/บาร์โค้ด สถานที่ สถานะ
1. วิทยาศาสตร์การแพทย์ และสุขภาพ
วิทยาศาสตร์การแพทย์ และสุขภาพ
สถานะ=หนังสือเก่า
W50 ว895 ฉ.1 
  Barcode: 19227
ห้องสมุดวิทยาเขตนครสวรรค์
►ส่วนจัดเก็บหนังสือเก่า นว.
บนชั้น
  ขอยืม
2. วิทยาศาสตร์การแพทย์ และสุขภาพ
วิทยาศาสตร์การแพทย์ และสุขภาพ
สถานะ=หนังสือเก่า
W50 ว895 ฉ.2 
  Barcode: 19228
ห้องสมุดวิทยาเขตนครสวรรค์
►ส่วนจัดเก็บหนังสือเก่า นว.
บนชั้น
  ขอยืม

รายการใกล้เคียง
    หัวเรื่อง [จรรยาบรรณแพทย์]

BibComment


ยังไม่เคยถูกคอมเมนท์

คอมเมนท์ทรัพยากรรายการนี้
  คอมเมนท์: เวชจริยธรรม คณะ..


 Copyright 2026. Bcnsprnw @Library